Joueurs de football aléatoire - Statistiques

Statistiques générales
  • Ce quiz a été pris 7 404 fois
  • Le résultat moyen est 13 sur 20
Statistiques - réponses
Par images Réponse % Correct
Mohammed Salah
89%
Achraf Hakimi
87%
Lucas Hernandez
87%
N'Golo Kanté
87%
Pelé
87%
Pepe
87%
Zinédine Zidane
87%
Edinson Cavani
86%
Gareth Bale
86%
Olivier Giroud
86%
Ousmane Dembélé
86%
Thomas Muller
86%
Cristiano Ronaldo
85%
Hugo Lloris
85%
Kyilan Mbappé
85%
Lionel Messi
85%
Marcelo
85%
Luka Modric
84%
Thiago Silva
84%
Diego Maradona
83%
Eduardo Camavinga
83%
Gabriel Jesus
83%
Gavi
83%
Harry Kane
83%
Karim Benzema
83%
Paul Pogba
83%
Pedri
83%
Ronaldo
83%
Sergio Ramos
83%
Thibault Courtois
83%
Toni Kroos
83%
Xavi
83%
Alexandre Lacazette
82%
Angel Di Maria
82%
Aurélien Tchouaméni
82%
Eden Hazard
82%
Erling Haaland
82%
Federico Valverde
82%
kevin de Bruyne
82%
Randal Kolo Muani
82%
Sadio Mané
82%
Casemiro
81%
Joao Félix
81%
Memphis Depay
81%
Mesut Özil
81%
Neymar
81%
Phil Foden
81%
Robert Lewandowski
81%
Thierry Henry
81%
Wayne Rooney
81%
Antoine Griezmann
80%
Jack Grealish
80%
Joshua Kimmich
80%
Kingsley Coman
80%
Lautaro Martinez
80%
Vinicius jr
80%
Emiliano Martinez
79%
Keylor Navas
79%
Presnel Kimpembe
79%
Ronaldinho
79%
Saka
79%
Zlatan Ibrahimovic
79%
Bernado Silva
78%
David Beckham
78%
Ederson
78%
Jude bellingham
78%
Lucas Paqueta
78%
Luis Suarez
78%
Dani Carvajal
77%
Fabian Ruiz
77%
Kaka
77%
Marco Verratti
77%
Marquinhos
77%
Rodri
77%
Sergio Aguero
77%
Mattéo Guendouzi
76%
Alphonso Davies
75%
Marcus Rashford
75%
Warren Zaïre-Emery
75%
Fabinho
74%
Vitinha
74%
Yassine Bounou
74%
Alexis Sanchez
72%
Bruno Fernandes
72%
Serge Gnabry
71%
Victor Osimhen
70%
Danilo
69%
Donnarumma
69%
Rivaldo
69%
Antony
68%
Hakim Ziyech
68%
Mason Mount
68%
Nuno Mendes
68%
Richarlison
68%
Cody Gakpo
67%
Juan Bernat
67%
Ferran Torres
66%
Julian Alvarez
66%
Marco Asensio
66%
Renato Sanches
66%
Sofyan Amrabat
66%
Raphinha
65%
Eusebio
64%
Mac Allister
64%
Joško Gvardiol
62%
Kaoru Mitoma
62%
Cristian Romero
59%
Alisson Becker
58%
Ludovic Blas
57%
Nordi Mukiele
57%
Sergio Rico
57%
Sofiane Boufal
57%
Michel Platini
56%
Son Heung-min
55%
Eric Dier
54%
Dani Ceballos
53%
Radamel Falcao
53%
Lucas Vázquez
52%
Michael Owen
51%
Garrincha
47%
Timothy Weah
47%
Azzedine Ounahi
46%
pedro
43%
Lisandro Martinez
42%
Saïd Benrahma
42%
Romain Saiss
38%
Ismaël Gharbi
37%
Michy Batshuayi
37%
Dominik Livakovic
36%
Lovro Majer
36%
Timothée Pembélé
35%
Youssef En-Nesyri
34%
Nuno Tavares
28%
Romario
28%
Tyler Adams
27%
Emerson
26%
Carlos Bacca
23%
Akram Afif
21%
Rodrygo Goes
20%
El Chadaille Bitshiabu
18%
Fred
17%
Zakaria Aboukhlal
15%
Acharf Dari
11%
Brenden Aaronson
8%
Luis Chavez
7%
Sergio Akieme
3%
Yousef Al-Salem
2%
Filippo Falco
1%
Mitchell Duke
1%
Taylor Booth
1%
Aucun quiz correspondant
Distribution des résultats
% des personnes avec chaque résultat
Percentile par nombre de réponses
Votre historique - résultats
Vous n’avez pas pris ce quiz